Sistema de información de mercados (Registro nro. 12636)
[ vista simple ]
| 000 -Cabecera | |
|---|---|
| Campo de control de longitud fija | 01133nam a22004217a 4500 |
| 005 - Fecha y hora de la última transacción | |
| Campo de control | 20240315141905.0 |
| 008 - Elementos de longitud fija--Información general | |
| Campo de control de longitud fija | 200813b xxu||||| |||| 00| 0 spa d |
| 020 ## - International Standard Book Number | |
| Número Internacional Estándar del Libro (ISBN) | 9788426727855 |
| 041 ## - Idioma | |
| Código de idioma | Español |
| 082 ## - Clasificación Decimal Dewey | |
| Número de clasificación | 658.83 L864s |
| 100 ## - Entrada principal--Autor personal | |
| Nombre personal | López Ortuño, Esperanza |
| 245 ## - Título propiamente dicho | |
| Título | Sistema de información de mercados |
| 260 ## - Pie de imprenta | |
| Lugar de publicación, distribución, etc. | España |
| 260 ## - Pie de imprenta | |
| Nombre del editor, distribuidor, etc. | Marcombo |
| 260 ## - Pie de imprenta | |
| Fecha de publicación, distribución, etc. | 2020 |
| 300 ## - Descripción física | |
| Extensión | 184 páginas |
| 650 ## - Materia general | |
| Temática (materia general) | SISTEMAS DE INFORMACIÓN |
| 650 ## - Materia general | |
| Temática (materia general) | MARKETING |
| 650 ## - Materia general | |
| Temática (materia general) | ANÁLISIS DE MERCADOS |
| 650 ## - Materia general | |
| Temática (materia general) | COMPORTAMIENTO DEL CONSUMIDOR |
| 650 ## - Materia general | |
| Temática (materia general) | SEGMENTACIÓN DE MERCADOS |
| 650 ## - Materia general | |
| Temática (materia general) | INVESTIGACIÓN DE MERCADOS |
| 650 ## - Materia general | |
| Temática (materia general) | CONFIGURACIÓN DEL SISTEMA |
| 650 ## - Materia general | |
| Temática (materia general) | INVESTIGACIÓN COMERCIAL |
| 650 ## - Materia general | |
| Temática (materia general) | RECOPILACIÓN DE DATOS |
| 650 ## - Materia general | |
| Temática (materia general) | TÉCNICAS DE INVESTIGACIÓN |
| 650 ## - Materia general | |
| Temática (materia general) | INVESTIGACIÓN CUALITATIVA |
| 650 ## - Materia general | |
| Temática (materia general) | INVESTIGACIÓN CUANTITATIVA |
| 650 ## - Materia general | |
| Temática (materia general) | CUESTIONARIO |
| 650 ## - Materia general | |
| Temática (materia general) | MUESTREO |
| 650 ## - Materia general | |
| Temática (materia general) | TRABAJO DE CAMPO |
| 650 ## - Materia general | |
| Temática (materia general) | ESTADÍSTICA |
| 650 ## - Materia general | |
| Temática (materia general) | REGRESIÓN LINEAL |
| 942 ## - Punto de acceso adicional KOHA | |
| Tipo de ítem KOHA | Libro |
| Fuente del sistema de clasificación o colocación | Dewey Decimal Classification |
| Signatura completa | Código de barras | Programa Académico | Tipo de ítem |
|---|---|---|---|
| 658.83 L864s | 24867 | Libro |